000 00539nam a2200229 a 4500
001 nice12345678
003 IN_TiNIC
005 20260116011324.0
008 050524s1935 hyda grp 000 0 urd
020 _a
_c100
082 0 0 _a170
_bSTE
100 _aStephen, Leslie
245 _aIlmul-Ikhlaq.
260 _aHyderabad
_bDarut Taba Jamia Osmania sarkar aali
_c1935
300 _a554p
500 _aincludes index and biblioraphy
505 2 _areference
650 _aEthics
902 _bSRS
942 _cBK
999 _c507
_d507